000 00481 a2200145 4500
999 _c7495
_d7495
020 _a9977925313
050 _aDT 450.435 UNI 2005
110 _aUniversity For Peace
245 _aThe role of the media in the Rwandan genocide:
_bextended readings ii 5
_cUniversity for peace
264 _aSan Jose:
_bUniversity for Peace,
_c2005
300 _a302p.:
500 _aIncludes bibliographic references
650 _aMass Media
_xMass media and peace
942 _2lcc
_cBK
_h450.435
_iUNI
_kDT